| 000 | 00485nam a2200109Ia 4500 | ||
|---|---|---|---|
| 008 | 160909s9999 xx 000 0 und d | ||
| 100 | _aJones, Steven Michael | ||
| 245 | _aNanofiltration Rejection of Contaminants of Emerging Concern from Municipal Water Resource Recovery Facility Secondary Effluents for Potable Reuse Applications | ||
| 260 |
_bUniversity of Arkansas. _c2016 |
||
| 650 | _aHUMAN RESOURCE MANAGEMENT | ||
| 856 | _uhttp://pqdtopen.proquest.com/doc/1792069200.html?FMT=ABS | ||
| 999 |
_c304713 _d304713 |
||